00353nam a2200133Ia 4500008004100000020001800041100002000059245003900079250000600118260003900124300001700163500002400180650001500204230524s9999 xx 000 0 und d a9788189866273 aR.L. Narasimham 0aAnalysis of Linear Control Systems a1 aNew DelhibI.K.Internationalc2013 a"XVII,809p;" aQuantity Number: 1 aElectrical